[ Resolución del I Congreso Mundial de Derechos Humanos]
সংরক্ষণ করুন:
| সংস্থা লেখক: | |
|---|---|
| বিন্যাস: | পাঠ্য |
| প্রকাশিত: |
Managua :
|
| বিষয়গুলি: | |
| ট্যাগগুলো: |
ট্যাগ যুক্ত করুন
কোনো ট্যাগ নেই, প্রথমজন হিসাবে ট্যাগ করুন!
|
MARC
| LEADER | 00000 a a2200000 04500 | ||
|---|---|---|---|
| 001 | 14558 | ||
| 003 | |||
| 040 | |||
| 090 | |a 014300 | ||
| 110 | |a Comisión de Derechos Humanos de Guatemala. Area Centroamericana | ||
| 245 | |a [ Resolución del I Congreso Mundial de Derechos Humanos] | ||
| 260 | |a Managua : | ||
| 300 | |a 2 p. | ||
| 650 | |a DERECHOS HUMANOS | ||
| 999 | |c 5771 |d 5771 | ||
